• 首页
  • 本馆介绍
  • 公告通知
  • 最新文献
  • 馆藏检索
  • 电子资源
  • 读者导购
  • 参考咨询
  • 我的图书馆
  • 登录
  • 详细信息显示
  • 放入我的书架
  • 预约/预借图书
  • 作者相关作品
  • 分类相关作品
  • 丛书相关作品
  • 出版社相关作品

书目信息

  • 表格格式
  • 工作单格式
  • 卡片格式
题名:
李大钊史学论集
    
 
作者: 李大钊 著
分册:  
出版信息: 石家庄   河北人民出版社  1984
页数: 378页
开本: 21cm
丛书名:
单 册:
中图分类: K09
科图分类:
主题词: 史学--中国--现代--文集
电子资源:
ISBN:
000 00585nam0 2200217 450
001 1247033255
005 20121007130448.93
010    @dCNY1.80
091    @a11086.43
100    @a19950527d1984 em y0chiy0110 ea
101 0  @achi
102    @aCN@b130000
105    @af z 000yy
200 1  @a李大钊史学论集@Ali da zhao shi xue lun ji@f李大钊著
210    @a石家庄@c河北人民出版社@d1984
215    @a378页@c照片@d21cm
606 0  @a史学@x中国@x现代@x文集
690    @aK09@v3
701  0 @a李大钊@Ali da zhao@f(1889~1927)@4著
801  0 @aCN@bNLC@c20101222
905    @a10447@dK09@eJY5
    
    李大钊史学论集/李大钊著.-石家庄:河北人民出版社,1984
    378页:照片;21cm
    
    
    ISBN :CNY1.80
    
●
相关链接 在E读中查询图书 在五车中查询图书 在当当中查询图书 在豆瓣中查询图书


正题名:李大钊史学论集     索取号:K09/JY5         预约/预借

序号 登录号 条形码 馆藏地/架位号 状态 备注
1 7830924   278309242   学院路分馆/ [索取号:K09/JY5] 在馆    
唐山师范学院图书馆 欢迎您!
大连网信软件有限公司© 版权所有